Najpopularniejsze marki telefonów w Polsce - Statystyki

Ogólne statystyki
  • Ten quiz został rozwiązany 262 razy
  • Średni wynik to 4 z 5
Statystyki odpowiedzi
Udziały w
polskim rynku
Marka % Poprawnych
32,34% Samsung
100%
6,44% Apple
75%
18,46% Xiaomi
73%
22,39% Huawei
70%
5,45% LG
40%
Nie znaleziono quizów pasujących do podanych kryteriów
Rozkład punktacji
Procent ludzi z każdym wynikiem
Percentyl według liczby udzielonych odpowiedzi
Twoja historia wyników
Nie rozwiązałeś tego quizu